| 000 | 01112cam a2200277 i 4500 | ||
|---|---|---|---|
| 003 | SA-RiAUC | ||
| 005 | 20250427071724.0 | ||
| 008 | 250425s2006 ua a g 00010 ara c | ||
| 020 | _a9773423646 | ||
| 040 |
_aSA-MaUQU _bara _cSA-RiAUC _erda |
||
| 082 | 0 | 4 | _a332.1221 |
| 090 |
_a332.1221 _b د و ا |
||
| 100 | 1 |
_aدوابه، أشرف محمد، _d1965- _eمؤلف. |
|
| 245 | 1 | 0 |
_aدور الأسواق المالية في تدعيم الاستثمار طويل الأجل في المصارف الإسلامية / _cأشرف محمد دوابة. |
| 250 | _aالطبعة الأولى. | ||
| 264 | 1 |
_aالقاهرة : _bدار السلام، _c2006 |
|
| 300 |
_a340 صفحة : _bإيضاحيات ؛ _c24 سم |
||
| 336 |
_aنص _btxt _2rdacontent _3كتاب |
||
| 337 |
_aبدون وسيط _bn _2rdamedia |
||
| 338 |
_aمجلد _bnc _2rdacarrier |
||
| 650 | 7 |
_aالبنوك الإسلامية _2aucsh |
|
| 650 | 7 |
_aالاقتصاد الإسلامي _2aucsh |
|
| 650 | 7 |
_aالاستثمارات _xجوانب اقتصادية _2aucsh |
|
| 942 |
_2ddc _cBOOK _n0 |
||
| 949 |
_aSA-JeALM _d250425 _umohamedma123 _n1 |
||
| 999 |
_c7369 _d7369 |
||